MARC

Tag First Indicator Second Indicator Subfields
LEADER 00000cam a2200000 a 4500
001 in00000030917
005 20151007054908.0
008 871123s1988 maua b 00110 eng
010 |a  87033436  
020 |a 0898382599 
035 |a (OCoLC)17202719 
035 |9 AAB6560AM 
040 |a DLC  |c DLC  |d TXA  |d UtOrBLW 
049 |a TXAM  |c [A11522892] 
050 0 0 |a TK7871.15.S55  |b K36 1988 
082 0 |a 621.381/71  |2 19 
100 1 |a Kamins, Theodore I. 
245 1 0 |a Polycrystalline silicon for integrated circuit applications /  |c by Ted Kamins. 
264 1 |a Boston :  |b Kluwer Academic Publishers,  |c [1988] 
264 4 |c ©1988 
300 |a xii, 290 pages :  |b illustrations ;  |c 24 cm. 
336 |a text  |b txt  |2 rdacontent 
337 |a unmediated  |b n  |2 rdamedia 
338 |a volume  |b nc  |2 rdacarrier 
490 1 |a Kluwer international series in engineering and computer sciences ;  |v SECS 45.  |a VLSI, computer architecture and digital signal processing 
504 |a Bibliography: pages 249-280. 
500 |a Includes index. 
650 0 |a Integrated circuits  |x Materials. 
650 0 |a Silicon  |x Electric properties. 
830 0 |a Kluwer international series in engineering and computer science ;  |v SECS 45. 
830 0 |a Kluwer international series in engineering and computer science.  |p VLSI, computer architecture, and digital signal processing. 
999 |a MARS 
999 f f |s 74bd69b0-05a6-3c0f-a742-500319170d6f  |i 96779757-56b7-3437-8be3-b7153bc726d3  |t 0 
952 f f |p ric  |a Texas A&M University  |b Rellis Campus  |c Joint Library Facility  |d Remote Storage  |t 0  |e TK7871.15 .S55 K36 1988  |h Library of Congress classification  |i unmediated -- volume  |m A14811522892 
998 f f |a TK7871.15 .S55 K36 1988  |t 0  |l Remote Storage